Largest U.S. Cities Beginning With A - 1950 - Statistics

General Stats
  • This quiz has been taken 104 times
  • The average score is 14 of 20
Answer Stats
Pop. State Hint Answer % Correct
134,995 New York State capital Albany
100%
132,459 Texas State capital Austin
100%
331,314 Georgia Destroyed in Sherman's march to the sea Atlanta
99%
74,246 Texas Means "yellow" in spanish Amarillo
96%
96,815 New Mexico Breaking Bad Albuquerque
94%
274,605 Ohio Rubber industry Akron
91%
71,508 Georgia Golf Tourney Augusta
85%
106,756 Pennsylvania Billy Joel song Allentown
82%
48,251 Michigan University of Michigan Ann Arbor
79%
61,787 Virginia D.C. suburb Alexandria
76%
34,913 Louisiana Close to the geographic center of the state Alexandria
76%
50,600 Illinois Chicago suburb Aurora
76%
53,000 North Carolina Blue Ridge Mountains Asheville
72%
61,657 New Jersey Jersey Shore Atlantic City
69%
45,570 Texas Cows and oil Abilene
58%
77,177 Pennsylvania Horseshoe Curve Altoona
54%
64,430 California Bay area suburb that shares its name with its county Alameda
50%
46,820 Indiana Paramount Theatre Anderson
35%
51,959 California LA suburb Alhambra
26%
36,722 New York Home of Harriet Tubman Auburn
24%
No matching quizzes found
Score Distribution
Percent of People with Each Score
Percentile by Number Answered
Your Score History
You have not taken this quiz